000 00370nam a2200169Ia 4500
001 5309
003 IN-NITTTR
005 20251114233008.0
008 251113s9999||||xx |||||||||||||| ||eng||
040 _beng
040 _cIN-NITTTR
041 _aeng
082 _a922 R14I
100 _aRamdas, Swami
245 0 _aIn quest of God. /
_cRamdas, Swami
942 _2ddc
_cBK
999 _c7945
_d7945